Opodstatnenosť a udržateľnosť Maastrichtských kritérií

Projekt Európskej menovej únie je stále pomerne mladý. Za takýto krátky časový úsek ťažké hodnotiť jednotlivé kroky, správnosť zavedenia jednotnej meny, či jej prínos pre krajiny eurozóny. Dajú sa však určiť prvé oblasti tejto spoločnej menovej politiky, ktoré môžu byť v budúcnosti problematické. Ta...

Descrizione completa

Salvato in:
Dettagli Bibliografici
Autore principale: Budai, Andrej
Natura: Capitolo di libro
Lingua:slovacco
Soggetti:
Tags: Aggiungi Tag
Nessun Tag, puoi essere il primo ad aggiungerne!!

MARC

LEADER 00000nla$a2200000$$$4500
001 0107621
005 20240502072203.9
041 0 |a slo 
044 |a SK 
245 1 0 |a Opodstatnenosť a udržateľnosť Maastrichtských kritérií  |c Andrej Budai 
520 |a Projekt Európskej menovej únie je stále pomerne mladý. Za takýto krátky časový úsek ťažké hodnotiť jednotlivé kroky, správnosť zavedenia jednotnej meny, či jej prínos pre krajiny eurozóny. Dajú sa však určiť prvé oblasti tejto spoločnej menovej politiky, ktoré môžu byť v budúcnosti problematické. Taktiež sa dá tento politický projekt komparovať s ekonomickou teóriou, ktorá sa danou problematikou do hĺbky zaoberala. 
610 2 0 |a oblasti menové 
610 2 0 |a konvergencia 
610 2 0 |a Európska únia 
100 1 |a Budai, Andrej